Геологические исследования в золотоносных областях Сибири: Амурско-Приморский золотоносный район; Вып. 6; Геологические исследования в области бассейнов рр. Большого Ольдоя и Гилюя в 1903 г.; Геологические исследования, произведенные в 1903 году в бассейне р. Буреи (с картой); Геологические исследования в верхне-зейском золотносном районе в 1903 году (с картой); Геологические исследования в восточной части хребта Тукурингры (с картой)
| Summary: | Печатано по распоряжению Геологического Комитета. |
|---|---|
| Sprog: | russisk |
| Udgivet: |
СПб., Типо-Литография К. Биркенфельда, 1906
|
| TOC: | М. Иванов, Геологические исследования в области бассейнов рр. Большого Ольдоя и Гилюя в 1903 г.; А. Хлапонин, Геологические исследования, произведенные в 1903 году в бассейне р. Буреи (с картой); Э. Э. Анерт, Геологические исследования в верхне-зейском золотносном районе в 1903 году (с картой); П. Риппас, Геологические исследования в восточной части хребта Тукурингры (с картой); |
| Fag: | |
| Format: | MixedMaterials Bog |
| KOHA link: | https://koha.lib.tpu.ru/cgi-bin/koha/opac-detail.pl?biblionumber=295770 |
MARC
| LEADER | 00000nam0a2200000 4500 | ||
|---|---|---|---|
| 001 | 295770 | ||
| 005 | 20231101002509.0 | ||
| 035 | |a (RuTPU)RU\TPU\book\320859 | ||
| 035 | |a RU\TPU\book\320844 | ||
| 090 | |a 295770 | ||
| 100 | |a 20150526d1906 u y0rusy50 ca | ||
| 101 | 0 | |a rus | |
| 102 | |a RU | ||
| 105 | |a b z 000|y | ||
| 200 | 1 | |a Геологические исследования в золотоносных областях Сибири |e Амурско-Приморский золотоносный район |h Вып. 6 | |
| 210 | |a СПб. |c Типо-Литография К. Биркенфельда |d 1906 | ||
| 215 | |a 104 с. |c 4 карты | ||
| 300 | |a Печатано по распоряжению Геологического Комитета. | ||
| 464 | |t Геологические исследования в области бассейнов рр. Большого Ольдоя и Гилюя в 1903 г. |f М. Иванов | ||
| 464 | |t Геологические исследования, произведенные в 1903 году в бассейне р. Буреи (с картой) |f А. Хлапонин | ||
| 464 | |t Геологические исследования в верхне-зейском золотносном районе в 1903 году (с картой) |f Э. Э. Анерт | ||
| 464 | |t Геологические исследования в восточной части хребта Тукурингры (с картой) |f П. Риппас | ||
| 610 | 1 | |a геология | |
| 610 | 1 | |a золото | |
| 610 | 1 | |a месторождения | |
| 610 | 1 | |a Сибирь | |
| 610 | 1 | |a исследования | |
| 610 | 1 | |a Амуро-Приморский район | |
| 675 | |a 553.411(571.6) |v 3 | ||
| 686 | |a Ч611.68 |v LBC/SL-A |2 rubbk | ||
| 801 | 0 | |a RU |b 63413507 |c 20011210 |g PSBO | |
| 801 | 2 | |a RU |b 63413507 |c 20150526 |g PSBO | |
| 942 | |c BK | ||